<?xml version="1.0" encoding="UTF-8"?><?xml-stylesheet type="text/xsl" href="static/style.xsl"?><OAI-PMH xmlns="http://www.openarchives.org/OAI/2.0/" xmlns:xsi="http://www.w3.org/2001/XMLSchema-instance" xsi:schemaLocation="http://www.openarchives.org/OAI/2.0/ http://www.openarchives.org/OAI/2.0/OAI-PMH.xsd"><responseDate>2026-04-17T20:14:40Z</responseDate><request verb="GetRecord" identifier="oai:www.recercat.cat:2445/131959" metadataPrefix="marc">https://recercat.cat/oai/request</request><GetRecord><record><header><identifier>oai:recercat.cat:2445/131959</identifier><datestamp>2025-12-05T14:52:56Z</datestamp><setSpec>com_2072_1057</setSpec><setSpec>col_2072_478917</setSpec><setSpec>col_2072_478924</setSpec></header><metadata><record xmlns="http://www.loc.gov/MARC21/slim" xmlns:dcterms="http://purl.org/dc/terms/" xmlns:xsi="http://www.w3.org/2001/XMLSchema-instance" xmlns:doc="http://www.lyncode.com/xoai" xsi:schemaLocation="http://www.loc.gov/MARC21/slim http://www.loc.gov/standards/marcxml/schema/MARC21slim.xsd">
   <leader>00925njm 22002777a 4500</leader>
   <datafield ind2=" " ind1=" " tag="042">
      <subfield code="a">dc</subfield>
   </datafield>
   <datafield ind2=" " ind1=" " tag="720">
      <subfield code="a">Silva, Sandra</subfield>
      <subfield code="e">author</subfield>
   </datafield>
   <datafield ind2=" " ind1=" " tag="720">
      <subfield code="a">Garcia Aloy, Mar</subfield>
      <subfield code="e">author</subfield>
   </datafield>
   <datafield ind2=" " ind1=" " tag="720">
      <subfield code="a">Figueira, Maria Eduardo</subfield>
      <subfield code="e">author</subfield>
   </datafield>
   <datafield ind2=" " ind1=" " tag="720">
      <subfield code="a">Combet, Emilie</subfield>
      <subfield code="e">author</subfield>
   </datafield>
   <datafield ind2=" " ind1=" " tag="720">
      <subfield code="a">Mullen, William</subfield>
      <subfield code="e">author</subfield>
   </datafield>
   <datafield ind2=" " ind1=" " tag="720">
      <subfield code="a">Bronze, Maria Rosario</subfield>
      <subfield code="e">author</subfield>
   </datafield>
   <datafield ind2=" " ind1=" " tag="260">
      <subfield code="c">2019-04-10T12:20:47Z</subfield>
   </datafield>
   <datafield ind2=" " ind1=" " tag="260">
      <subfield code="c">2019-04-10T12:20:47Z</subfield>
   </datafield>
   <datafield ind2=" " ind1=" " tag="260">
      <subfield code="c">2018-01</subfield>
   </datafield>
   <datafield ind2=" " ind1=" " tag="260">
      <subfield code="c">2019-04-10T12:20:48Z</subfield>
   </datafield>
   <datafield ind2=" " ind1=" " tag="520">
      <subfield code="a">SCOPE: Phenolic compounds are minor components of extra virgin olive oil (EVOO). Secoiridoids are the major components contributing to the phenolic content of EVOO. {Silva, 2015 #95}Information is lacking regarding their potential as biomarkers for EVOO intake. METHODS AND RESULTS: Healthy volunteers (n = 9) ingested 50 mL of EVOO in a single dose containing 322 mg/kg total phenolic content (caffeic acid equivalents) and 6 mg/20g hydroxytyrosol and its derivatives. Plasma was collected before (0h) and at 0.5, 1, 2, 4 and 6h after ingestion. Urine samples were collected prior to ingestion (0h) and at 0-4, 4-8, 8-15 and 15-24h. Samples were analysed by UPLC coupled with an Exactive Orbitrap MS. Partial Least Squares Discriminant Analysis with Orthogonal Signal Correction was applied to screen for metabolites that allowed samples discrimination. Plasma biomarkers and urine biomarkers were selected although individual variability was observed among volunteers. Results are in accordance with in vitro experiments performed (in vitro digestion and hepatic microsomal activity assays). CONCLUSIONS: Plasma (elenolic acid + H2 ; p-HPEA-EA + H2 + glucuronide) and urinary (3,4-DHPEA-EA, 3,4-DHPEA-EA + H2 +glucuronide, methyl 3,4-DHPEA-EA + H2 +glucuronide) secoiridoid compounds were selected as biomarkers to monitor EVOO intake showing good predictive ability according to multivariate analysis.</subfield>
   </datafield>
   <datafield tag="653" ind2=" " ind1=" ">
      <subfield code="a">Oli d'oliva</subfield>
   </datafield>
   <datafield tag="653" ind2=" " ind1=" ">
      <subfield code="a">Metabòlits</subfield>
   </datafield>
   <datafield tag="653" ind2=" " ind1=" ">
      <subfield code="a">Biodisponibilitat</subfield>
   </datafield>
   <datafield tag="653" ind2=" " ind1=" ">
      <subfield code="a">Fenols</subfield>
   </datafield>
   <datafield tag="653" ind2=" " ind1=" ">
      <subfield code="a">Olive oil</subfield>
   </datafield>
   <datafield tag="653" ind2=" " ind1=" ">
      <subfield code="a">Metabolites</subfield>
   </datafield>
   <datafield tag="653" ind2=" " ind1=" ">
      <subfield code="a">Bioavailability</subfield>
   </datafield>
   <datafield tag="653" ind2=" " ind1=" ">
      <subfield code="a">Phenols</subfield>
   </datafield>
   <datafield ind2="0" ind1="0" tag="245">
      <subfield code="a">High resolution mass spectrometric analysis of secoiridoids and metabolites as biomarkers of acute olive oil intake - an approach to study inter-individual variability in humans</subfield>
   </datafield>
</record></metadata></record></GetRecord></OAI-PMH>